000 00445nam a2200193Ia 4500
003 OSt
005 20221005122138.0
006 a|||||r|||| 00| 0
007 ta
008 221004b |||||||| |||| 00| 0 eng d
024 _a111343
037 _cTextual
040 _aCRL
_cCRL
_beng
041 _2eng
_aeng
245 0 _aInternational Political science Abstaction
260 _c1965
942 _cTEXL
_2cc
999 _c1043412
_d1043412